Tvorba inkluzívneho vysokoškolského prostredia

Enregistré dans:
Détails bibliographiques
Auteur principal: Čerešňová, Zuzana
Autres auteurs: Rollová, Lea
Format: Livre
Langue:slovaque
Publié: Bratislava Slovenská technická univerzita v Bratislave. Nakladateľstvo STU 2015
Collection:Edícia vysokoškolských učebníc
Sujets:
Tags: Ajouter un tag
Pas de tags, Soyez le premier à ajouter un tag!

MARC

LEADER 00000nam a2200000 4500
001 0224774
005 20240314094620.7
020 |a 978-80-227-4452-2 
041 0 |a slo 
044 |a SK 
245 1 0 |a Tvorba inkluzívneho vysokoškolského prostredia  |c Zuzana Čerešňová, Lea Rollová 
264 1 |a Bratislava  |b Slovenská technická univerzita v Bratislave. Nakladateľstvo STU  |c 2015 
300 |a 176 s. 
490 1 |a Edícia vysokoškolských učebníc 
830 0 |a Edícia vysokoškolských učebníc 
610 2 0 |a vzdelávanie 
610 2 0 |a vzdelávanie vysokoškolské 
610 2 0 |a vzdelanie vysokoškolské 
610 2 0 |a študenti 
610 2 0 |a univerzity 
100 1 |a Čerešňová, Zuzana 
700 1 |a Rollová, Lea